| 000 | 00554nam a2200193Ia 4500 | ||
|---|---|---|---|
| 003 | OSt | ||
| 005 | 20200814123117.0 | ||
| 008 | 190216s9999||||xx |||||||||||||| ||und|| | ||
| 020 | _a8185842981 | ||
| 040 | _coclc | ||
| 082 |
_a547.7 _bAGA/C |
||
| 100 |
_aAgarwal, O P _94088 |
||
| 245 | 0 |
_aChemistry Of Organic Natural Products Vol-1 / _cO P Agarwal |
|
| 250 | _a26th Ed. | ||
| 260 |
_bGoel Publishing House, _c2000. _aMeerut: |
||
| 300 | _a556p | ||
| 650 | _aChemistry-Chemistry | ||
| 942 |
_cBK _2ddc _h547.7 _iAGA/C _k547.7 _mAGA/C |
||
| 999 |
_c2846 _d2846 |
||